| 000 | 00634nam a2200205 a 4500 | ||
|---|---|---|---|
| 005 | 20220604063626.0 | ||
| 008 | 991125s1988 mx 000 0 spa u | ||
| 020 | _a9684264674 | ||
| 035 | _aUPN01000036219 | ||
| 049 | _aCG | ||
| 050 | 4 |
_aHF5549.5 T7 _bC3 no.8 |
|
| 100 | 1 |
_aRodríguez Estrada, Mauro, _d1930-2007 |
|
| 245 | 1 | 0 |
_aManejo de problemas y toma de decisiones / _cMauro Rodríguez Estrada, Mateo Márquez A. |
| 260 |
_aMéxico : _bManual Moderno, _c1988. |
||
| 300 | _a98 p. | ||
| 440 | 0 |
_aCapacitación integral ; _v8 |
|
| 650 | 7 |
_aToma de decisiones _2 _91881 |
|
| 700 | 1 |
_aMárquez A., Mateo, _ecoaut. |
|
| 905 | _aLibro | ||
| 999 |
_c36219 _d36219 |
||